Регионална библиотека "Любен Каравелов" - Русе

Преславската керамика (Запис номер 342166)

MARC детайли
000 -Лидер
Контролно поле с фиксирана дължина nam a22 a 4500
003 - Код на организацията, давaща контролен номер
Контролно поле BLK
005 - Дата и час на последна редакция
Контролно поле 20191009144452.0
008 - Елементи от данни с фиксирана дължина
fixed length control field 180911b bul|||||r ||||||| ||bul||
010 ## - Наследен системен номер
LC control number 001804
040 ## - Източник на каталожния запис
Идентификатор на билиотеката - собственик на записа BLK
041 ## - Код за език
Код за езика на текст/звукозапис или на отделно заглавие Български
Код за езика КДБФ Български
080 ## - УДК
УДК - код + определител 738(497.2)
080 ## - УДК
УДК - код + определител 94(497.2)
100 ## - Редна дума - Автор
Автор Миятев, Кръстю Иванов
Авторска отговорност първи автор
R(LIN) 352377
139 ## - Редно поле
Редна дума Миятев, Кръстьо Иванов
245 00 - Сведения за заглавието
Заглавие Преславската керамика
Редно поле (дума) Кръстю Иванов Миятев
260 ## - Област на издателските данни
Място на издаване, разпространение и проч. София
Година на издаване 1936
Печатница (София : Държ. печ.)
300 ## - Физическа характеристика
Страници 156 с. : с ил., 18 л. ил., 10 л. цв. ил.
Размери/Мащаб 37 см
380 ## - Жанр
Жанр Изкуство
490 ## - СЕРИИ (Колекции)
Име на серия Частна колекция - Академик Михаил Арнаудов
Бележки за серията Дарение - Основен фонд
490 ## - СЕРИИ (Колекции)
Име на серия Monumenta artis Bulgariae
9 (RLIN) 399915
№: серия Vol. IV
852 ## - Местоположение
Форматна сигнатура МА 2964
999 ## - СИСТЕМНИ КОНТРОЛНИ НОМЕРА
Koha biblionumber 342166
Koha biblioitemnumber 342166
942 ## - АРТИКУЛИ
Вид на библиотечния материал Книги
Скрит в OPAC Не
Периодичен библиозапис Да
944 ## - СЪЗДАВАНЕ И РЕДАКЦИЯ на ЗАПИСА
Създаване/Редакция Редакция
Дата на регистрацията/редакция 2019-10-09
999 ## - СИСТЕМНИ КОНТРОЛНИ НОМЕРА
Koha biblioitemnumber 342166
Наличности
Код за отписване Код за изгубен артикул Източник на класификационната схема Код за повреда Коз за рестрикции Код за отдаване Артикулен № Име на библиотеката - собственик Име на библиотеката, в която се намира в момента Статус (Текущо местоположение) Дата на вписване в системата Местоположение - отдел Цена в лева Инвентарен номер Систематично азбучна сигнатура Баркод Цена в евро Служебен тип на артикула
  Не е изгубен Universal Decimal Classification Не е повреден само за читалня Специални фондове ( старопечатни, редки и ценни, фонд М. Арнаудов) 747229 Регионална библиотека "Любен Каравелов" Русе Регионална библиотека "Любен Каравелов" Русе Фонд "Михаил Арнаудов" 2019-10-09 Фонд "Михаил Арнаудов" 70.00 589648 МА 2964 120000589648 35.79 Книги
Vip Innovations Ltd, Rousse, Bulgaria 2025